000 00524nam a2200181Ia 4500
003 GCL
008 140319s9999 xx 000 0 ara d
040 _aGCL /
_cGCL
082 0 4 _a615.32
_bع ن
100 1 _aعبدالعزيز شرف
245 1 0 _aالنباتات الطبية /
_cعبدالعزيز شرف
300 _a89 ص
490 _aالمكتبة الثقافية
_v0
650 0 4 _aالنباتات الطبية
650 0 4 _aالعقاقير النباتية
650 0 4 _aالاعشاب
942 _2ddc
_cBK
999 _c47080
_d47080